Personnages #4 - Game of Thrones - Statistiques

Statistiques générales
  • Ce quiz a été pris 878 fois
  • Le résultat moyen est 33 sur 50
Statistiques - réponses
Le + vu Personnage % Correct
1 Jon Snow / Aegon Targaryen
98%
6 Arya Stark
97%
3 Daenerys Targaryen
96%
4 Sansa Stark
96%
2 Tyrion Lannister
96%
5 Cersei Lannister
95%
13 Eddard 'Ned' Stark
92%
14 Brandon 'Bran' Stark
89%
7 Jaime Lannister
89%
21 Robb Stark
86%
24 Joffrey Baratheon
83%
11 Petyr 'Littlefinger' Baelish
81%
10 Theon Greyjoy
80%
19 Tywin Lannister
80%
9 Jorah Mormont
78%
18 Catelyn Stark / Catelyn Tully
77%
16 Sandor 'Le Limier' Clegane
77%
17 Varys
77%
23 Stannis Baratheon
75%
44 Robert Baratheon
74%
8 Samwell Tarly
73%
15 Brienne de Torth
71%
27 Missandei
69%
35 Tommen Baratheon
69%
20 Margaery Tyrell
66%
26 Ramsay Bolton
64%
36 Ver Gris
63%
25 Mélisandre
62%
42 Loras Tyrell
61%
34 Olenna Tyrell / Olenna Redwyne
60%
50 Oberyn Martell
59%
47 Hodor / Wylis
58%
41 Yara Greyjoy
57%
12 Davos Mervault
56%
28 Tormund Fléau-d'Ogres
53%
30 Ygrid
53%
22 Bronn
52%
45 Roose Bolton
49%
37 Gendry Baratheon
47%
31 Shae
47%
33 Podrick 'Pod' Payne
45%
40 Mestre Pycelle
42%
39 Barristan Selmy
40%
46 Osha
40%
29 Vère
37%
32 Daario Naharis
36%
38 Grand Moineau
35%
43 Talisa Stark / Talisa Maegyr
31%
48 Meera Reed
29%
49 Eddison Tallett
11%
Aucun quiz correspondant
Distribution des résultats
% des personnes avec chaque résultat
Percentile par nombre de réponses
Votre historique - résultats
Vous n’avez pas pris ce quiz